ARRUPE JESUIT UNIVERSITY

CORONAVIRUS -STOP THE SPREAD - CLEAN,DISINFECT,COVER

Jesus and the victory of God (Record no. 11555)

MARC details
000 -LEADER
fixed length control field 00633nam a2200217Ia 4500
003 - CONTROL NUMBER IDENTIFIER
control field 0100
008 - FIXED-LENGTH DATA ELEMENTS--GENERAL INFORMATION
fixed length control field 130303s9999 xx 000 0 und d
020 ## - INTERNATIONAL STANDARD BOOK NUMBER
International Standard Book Number 800626818
040 ## - CATALOGING SOURCE
Transcribing agency ARRUPELIB
050 ## - LIBRARY OF CONGRESS CALL NUMBER
Classification number BS2398.W751992
300 ## - PHYSICAL DESCRIPTION
Other physical details 741p. 24cm.
100 ## - MAIN ENTRY--PERSONAL NAME
Personal name Wright, N. T
245 ## - TITLE STATEMENT
Title Jesus and the victory of God
260 ## - PUBLICATION, DISTRIBUTION, ETC. (IMPRINT)
Place of publication, distribution, etc Minneapolis
260 ## - PUBLICATION, DISTRIBUTION, ETC. (IMPRINT)
Name of publisher, distributor, etc Fortress Press
260 ## - PUBLICATION, DISTRIBUTION, ETC. (IMPRINT)
-- 1992
300 ## - PHYSICAL DESCRIPTION
Extent xxi
440 ## - SERIES STATEMENT/ADDED ENTRY--TITLE
Title Christian origins and the question of God, vol.2
650 ## - SUBJECT ADDED ENTRY--TOPICAL TERM
Topical term following geographic name as entry element Authors, Irish -- Ireland -- Dublin -- Biography Dublin (Ireland) -- Intellectual life City and town life in literature
942 00 - ADDED ENTRY ELEMENTS (KOHA)
Koha issues (borrowed), all copies 3
Holdings
Withdrawn status Lost status Source of classification or shelving scheme Damaged status Not for loan Home library Current library Shelving location Date acquired Total Checkouts Full call number Barcode Date last seen Date checked out Copy number Price effective from Koha item type Collection code
    Library of Congress Classification     ARRUPE LIBRARY ARRUPE LIBRARY   04/03/2013 2 BS2398.W751992 46003019848 28/10/2019 19/10/2019 1 04/03/2013 Monograph ( Printed materials)  
    Library of Congress Classification     ARRUPE LIBRARY ARRUPE LIBRARY   04/03/2013 2 BS2398.W751992 46003019862 07/12/2016 06/11/2014 2 04/03/2013 Monograph ( Printed materials)  
    Library of Congress Classification     ARRUPE LIBRARY ARRUPE LIBRARY   04/03/2013 2 BS2398.W751992 46003019859 24/06/2021 17/04/2018 3 04/03/2013 Monograph ( Printed materials)  
    Library of Congress Classification     ARRUPE LIBRARY ARRUPE LIBRARY   04/03/2013 2 BS2398.W751992 46004002868 07/12/2016 10/10/2016 4 04/03/2013 Monograph ( Printed materials) Main Collection

 

Arrupe Library. PO Box MP320 Mt Pleasant, Harare, Zimbabwe
263 242 745411|librarian@aju.ac.zw